|
|
|
|
| LEADER |
01036nam a2200277 a 4500 |
| 001 |
00025554 |
| 008 |
120704s2010 caua b 000 0 eng |
| 010 |
|
|
|a 2009932912
|
| 020 |
|
|
|a 9781848601215 (set : hardcover)
|
| 040 |
|
|
|a DLC
|c DLC
|d DLC
|d BD-DhAAL
|
| 042 |
|
|
|a pcc
|
| 050 |
0 |
0 |
|a JF1351
|b .O753 2010
|
| 082 |
0 |
0 |
|a 351
|2 22
|
| 245 |
0 |
0 |
|a Organizing government.
|n Volume III /
|c [edited by] George Boyne and Rachel Ashworth.
|
| 260 |
|
|
|a Los Angeles :
|b SAGE Publications,
|c 2010.
|
| 300 |
|
|
|a 4 v. :
|b ill. ;
|c 24 cm.
|
| 490 |
0 |
|
|a Organizing and managing public services
|
| 504 |
|
|
|a Includes bibliographical references.
|
| 541 |
|
|
|e 00025554
|
| 650 |
|
0 |
|a Public administration.
|
| 650 |
|
0 |
|a Organization.
|
| 700 |
1 |
|
|a Boyne, George A.
|
| 700 |
1 |
|
|a Ashworth, Rachel.
|
| 852 |
1 |
|
|a Ayesha Abed Library
|c General shelf.
|
| 999 |
|
|
|c 12505
|d 12505
|
| 952 |
|
|
|0 0
|1 0
|2 ddc
|4 0
|6 351_000000000000000_ORG
|7 0
|9 20662
|a IGS
|b IGS
|c GEN
|d 2012-07-03
|e karim International
|g 16225.00
|l 1
|m 3
|o 351 ORG
|p 3010025554
|r 2014-06-09
|s 2012-12-31
|t 1
|w 2012-07-05
|y BK
|